| 000 | 01459nam0a2200361 4500 | ||
|---|---|---|---|
| 001 | RU\NLR\BIBL_A\012257918 | ||
| 005 | 20260407064316.0 | ||
| 010 |
_a978-5-9221-1840-8 _9300 |
||
| 035 | _a(RuMoRGB)010303233 | ||
| 035 | _a(NLR Aleph) 012257918 | ||
| 090 |
_a11115519 _c11115519 |
||
| 100 | _a20200326d2019 |||y0rusy50 ca | ||
| 101 | 0 | _arus | |
| 102 | _aRU | ||
| 105 | _a c||z|||000zy | ||
| 181 | 0 |
_ai _baxxe |
|
| 182 | 0 | _an | |
| 200 | 1 |
_aТермодинамика динамических воздействий на вещество _fВ.Е. Фортов |
|
| 203 |
_aТекст _bвизуальный _cнепосредственный |
||
| 210 |
_aМосква _cФизматлит _d2019 |
||
| 215 |
_a141 с. _cил., табл., цв. ил., портр. _d22 |
||
| 300 | _aНа 4-й с. обл. авт.: В.Е. Фортов, акад. РАН | ||
| 313 | _aПо аналогич. изд. 2019 г. | ||
| 320 | _aБиблиогр.: с. 127-141 (343 назв.) | ||
| 606 | 1 |
_aВещество _xТермодинамические свойства _91530861 _3RU\NLR\AUTH\66666551 |
|
| 606 | 1 |
_aВысокие давления _91053838 _3RU\NLR\AUTH\6689611 |
|
| 686 | 1 | _aВ317.1 | |
| 686 | 1 | _aВ367.1 | |
| 700 | 1 |
_8rus _7ca _aФортов _bВ. Е. _f1946-2020 _gВладимир Евгеньевич _3RU\NLR\AUTH\7714502 _9124174 |
|
| 942 | _cBOOK | ||
| 980 | _aNB | ||